Dosahovanie cieľov Agendy 2030 udržateľného rozvoja pod vplyvom celosvetovej pandémie COVID-19 projekt č. 035EU-4/2022

Guardado en:
Detalles Bibliográficos
Autor principal: Szaryszová, Petra, 1984-
Otros Autores: Kuhnová, Lenka, 1989-, Bosák, Martin, 1967-, Dugas, Jaroslav, 1967-, Duľová Spišáková, Emília, 1983-, Mizla, Martin, 1955-, Mihalčová, Bohuslava, 1963-, Andrejovský, Pavol, 1975-, Gajdoš, Jozef, 1962-2025, Stričík, Michal, 1969-, Rudý, Stanislav, 1997-, Dolná, Mária, 1989-, Barkóciová, Miroslava, 1996-, Kaľuha, Pavol, 1998-, Hudák, Matej, 1984-, Sotáková, Kamila, 1996-, Variny, Miroslav, Maciaszczyk, Magdalena
Formato: Libro
Lenguaje:eslovaco
inglés
Publicado: Košice [Podnikovohospodárska fakulta EU] 2024
Edición:1. vydanie
Materias:
Etiquetas: Agregar Etiqueta
Sin Etiquetas, Sea el primero en etiquetar este registro!

MARC

LEADER 00000nam a2200000 4500
001 0306475
005 20250124133730.3
041 0 |a slo 
041 0 |a eng 
044 |a SK 
245 1 0 |a Dosahovanie cieľov Agendy 2030 udržateľného rozvoja pod vplyvom celosvetovej pandémie COVID-19  |b projekt č. 035EU-4/2022  |c vedúci projektu: Petra Szaryszová, spoluriešitelia: Lenka Kuhnová, Martin Bosák, Jaroslav Dugas, Emília Duľová Spišáková, Martin Mizla, Bohuslava Mihalčová, Pavol Andrejovský, Jozef Gajdoš, Michal Stričík, Stanislav Rudý, Mária Dolná, Miroslava Barkóciová, Pavol Kaľuha, Matej Hudák, Kamila Sotáková ; oponenti: Miroslav Variny, Magdalena Maciaszczyk 
250 |a 1. vydanie 
264 1 |a Košice  |b [Podnikovohospodárska fakulta EU]  |c 2024 
300 |a 25 s. [1,25 AH] 
610 2 0 |a rozvoj trvalo udržateľný 
610 2 0 |a udržateľnosť 
610 2 0 |a pandémia 
610 2 0 |a koronavírus 
610 2 0 |a partnerstvo strategické 
610 2 0 |a Európa 
100 1 |a Szaryszová, Petra, 1984- 
700 1 |a Kuhnová, Lenka, 1989- 
700 1 |a Bosák, Martin, 1967- 
700 1 |a Dugas, Jaroslav, 1967- 
700 1 |a Duľová Spišáková, Emília, 1983- 
700 1 |a Mizla, Martin, 1955- 
700 1 |a Mihalčová, Bohuslava, 1963- 
700 1 |a Andrejovský, Pavol, 1975- 
700 1 |a Gajdoš, Jozef, 1962-2025 
700 1 |a Stričík, Michal, 1969- 
700 1 |a Rudý, Stanislav, 1997- 
700 1 |a Dolná, Mária, 1989- 
700 1 |a Barkóciová, Miroslava, 1996- 
700 1 |a Kaľuha, Pavol, 1998- 
700 1 |a Hudák, Matej, 1984- 
700 1 |a Sotáková, Kamila, 1996- 
700 1 |a Variny, Miroslav 
700 1 |a Maciaszczyk, Magdalena